Spanish Versions of the Spongebob Characters - Statistics

General Stats
  • This quiz has been taken 397 times
    396 since last reset
  • The average score is 12 of 22
Answer Stats
Hint Answer % Correct
Gary el Caracol Gary the Snail
83%
Bob Esponja Pantalones Cuadrados Spongebob Squarepants
76%
Karen Karen
75%
Arenita Mejillas Sandy Cheeks
75%
Plankton Sheldon Plankton
75%
Patricio Estrella Patrick Star
74%
Rey Neptuno King Neptune
73%
Sra. Puff Mrs. Puff
71%
Sireno Man Mermaid Man
69%
Don Cangrejo Mr. Krabs
69%
Larry la Langosta Larry the Lobster
65%
Calamardo Tentáculos Squidward Tentacles
57%
Perlita Cangrejo Pearl Krabs
54%
Kevin el Pepino Kevin the Cucumber
49%
La Burbuja Sucia the Dirty Bubble
47%
Parche el Pirata Patchy the Pirate
44%
Chico Percebe Barnacle Boy
42%
Manta Raya Man Ray
37%
Calamarino Elegante Squilliam Fancyson
34%
Potty el Loro Potty the Parrot
29%
Holandés Volador the Flying Dutchman
29%
Trazo Doodle Bob
9%
No matching quizzes found
Score Distribution
Percent of People with Each Score
Percentile by Number Answered
Your Score History
You have not taken this quiz since the last reset